000 00512nam a2200205Ia 4500
005 20250923145758.0
008 008 250917s9999 xx 000 0 eng d
037 _aTextual
040 _aDSWL
_beng
_cDSWL
041 _aeng
_2eng
084 _qDSWL
100 _aBanton, R.
_9838861
245 4 _aThe politics of Mental Health
_cby R.Brown
260 _aLondon
_bMacmillan
_c1985
300 _axiii,202p.
365 _aGBP
_b6.95
925 _g6.95
942 _cTEXL
999 _c1455568
_d1455568